|
|
|
|
| LEADER |
00000nam0a2200000 4500 |
| 001 |
347851 |
| 005 |
20240209133400.0 |
| 010 |
|
|
|a 9785438710448
|
| 035 |
|
|
|a (RuTPU)RU\TPU\book\379806
|
| 090 |
|
|
|a 347851
|
| 100 |
|
|
|a 20220715d2021 k y0rusy50 ca
|
| 101 |
0 |
|
|a rus
|
| 102 |
|
|
|a RU
|
| 105 |
|
|
|a a z 001zy
|
| 200 |
1 |
|
|a Локальные инновации и глобальное технологическое лидерство: Переосмысление подходов к эффективному внутриотраслевому трансферу технологий
|e монография
|f Е. Н. Акерман, С. А. Анохин, А. А. Михальчук [и др.]
|
| 210 |
|
|
|a Томск
|c Изд-во ТПУ
|d 2021
|
| 215 |
|
|
|a 203 с.
|c ил.
|
| 320 |
|
|
|a Библиогр.: с. 185-200
|
| 330 |
|
|
|a Монография посвящена формированию и апробации методик оценки технологического развития на уровне предприятий, отраслей, регионов и вузов. На основе систематизации мирового опыта сформулированы теоретические основы стратегий глобальных и локальных инноваций. Оценка технической эффективности позволила выявить основные характеристики и стратегии компаний -технологических лидеров и компаний - локальных инноваторов, заимствующих технологические решения. Выполнены аналогичные расчеты на примере вузов и регионов. Сформированы рекомендации по применению результатов проведенного исследования в России. Монография представляет интерес для широкого круга читателей - представителей органов исполнительной и законодательной власти, предпринимателей, аспирантов и студентов различных направлений подготовки.
|
| 452 |
|
1 |
|0 (RuTPU)RU\TPU\book\378872
|t Локальные инновации и глобальное технологическое лидерство: Переосмысление подходов к эффективному внутриотраслевому трансферу технологий
|o монография
|f Е. Н. Акерман, С. А. Анохин, А. А. Михальчук [и др.]
|g Национальный исследовательский Томский политехнический университет (ТПУ)
|c Томск
|n Изд-во ТПУ
|d 2021
|
| 606 |
1 |
|
|a Инновации
|2 stltpush
|3 (RuTPU)RU\TPU\subj\67423
|9 83236
|
| 610 |
1 |
|
|a экономика
|
| 610 |
1 |
|
|a технологическое лидерство
|
| 610 |
1 |
|
|a инновационная деятельность
|
| 610 |
1 |
|
|a технологическое развитие
|
| 610 |
1 |
|
|a оценка
|
| 610 |
1 |
|
|a локальные инновации
|
| 610 |
1 |
|
|a Томская область
|
| 610 |
1 |
|
|a производственные отношения
|
| 610 |
1 |
|
|a стратегии
|
| 610 |
1 |
|
|a технологическая эффективность
|
| 610 |
1 |
|
|a DEA
|
| 610 |
1 |
|
|a Сибирский федеральный округ
|
| 610 |
1 |
|
|a инновационные процессы
|
| 610 |
1 |
|
|a образовательные организации
|
| 610 |
1 |
|
|a образовательный потенциал
|
| 610 |
1 |
|
|a высшее образование
|
| 610 |
1 |
|
|a научно-исследовательский потенциал
|
| 610 |
1 |
|
|a коммерциализация
|
| 610 |
1 |
|
|a внедрение
|
| 610 |
1 |
|
|a монографии
|
| 610 |
1 |
|
|a труды учёных ТПУ
|
| 686 |
|
|
|a У9(2)0-551
|2 rubbk
|
| 701 |
|
1 |
|a Акерман
|b Е. Н.
|c экономист
|c профессор Томского политехнического университета, доктор экономических наук
|f 1967-
|g Елена Николаевна
|3 (RuTPU)RU\TPU\pers\34112
|9 17652
|
| 701 |
|
1 |
|a Анохин
|b С. А.
|c экономист
|c профессор Томского политехнического университета, Ph.D
|f 1977-
|g Сергей Александрович
|3 (RuTPU)RU\TPU\pers\42758
|
| 701 |
|
1 |
|a Михальчук
|b А. А.
|c математик
|c доцент Томского политехнического университета, кандидат физико-математических наук
|f 1954-
|g Александр Александрович
|3 (RuTPU)RU\TPU\pers\27011
|
| 701 |
|
1 |
|a Спицын
|b В. В.
|c экономист
|c доцент Томского политехнического университета, кандидат экономических наук
|f 1976-
|g Владислав Владимирович
|3 (RuTPU)RU\TPU\pers\22756
|9 9787
|
| 701 |
|
1 |
|a Чистякова
|b Н. О.
|c экономист
|c доцент Томского политехнического университета, кандидат экономических наук
|f 1980-
|g Наталья Олеговна
|3 (RuTPU)RU\TPU\pers\24754
|9 10995
|
| 712 |
0 |
2 |
|a Национальный исследовательский Томский политехнический университет
|c (2009- )
|3 (RuTPU)RU\TPU\col\15902
|9 26305
|
| 801 |
|
1 |
|a RU
|b 63413507
|c 20220715
|
| 801 |
|
2 |
|a RU
|b 63413507
|c 20220930
|g RCR
|
| 942 |
|
|
|c BK
|